000
00240nam a22000977a 4500
999
_c
17438
_d
17438
008
190215b xxu||||| |||| 00| 0 eng d
100
_a
Kyalo, Betty
245
_a
Parents
_b
Starting a fresh
_c
Betty Kyallo
300
_a
60p.
942
_2
lcc
_c
PER